| 000 | 00915nas a2200301 4500 | ||
|---|---|---|---|
| 001 | BR2015004552 | ||
| 003 | BR-BrBNA | ||
| 005 | 20231205125627.0 | ||
| 007 | ta | ||
| 008 | 230509b bl.|||p| |||| 00| 00por d | ||
| 040 |
_aBR-BrBNA _bpor _cBiblioteca Nacional de Agricultura |
||
| 041 | _a(Pt) | ||
| 072 | _aH20; E70 | ||
| 100 | 1 | _aFaria, S. de M. | |
| 100 | 1 | _aNóbrega, H. do N. | |
| 100 | 1 | _aFerreira, J.A.B. | |
| 100 | 1 | _aMarin, V.A. | |
| 245 | 1 | _aAvaliação da contaminação microbiana em fitoterápicos | |
| 650 | _aPLANTA MEDICINAL | ||
| 650 | _aFITOTERAPIA | ||
| 650 | _aCONTAMINAÇÃO BACTERIANA | ||
| 650 | _aCONTAMINAÇÃO FUNGICA | ||
| 650 | _aFARMÁCIA | ||
| 650 | _aCOMERCIALIZAÇÃO | ||
| 773 | 0 |
_tRevista do Instituto Adolfo Lutz (Brazil) _xISSN 0073-9855 _g(Jul-Sep 2012), v. 71(3) p. 549-556 _wBR2015004552 |
|
| 909 |
_a202311 _bLúcia _c55 _dLúcia Elande |
||
| 942 |
_2AGRIS _n0 _cANA |
||
| 999 |
_c245261 _d245261 |
||